[Event "19. Open de Sants Hostafrancs 2017"]
[Site "Barcelona ESP"]
[Date "2017.08.25"]
[Round "8.36"]
[White "Gavilan Diaz, Mario"]
[Black "Sukandar, Irine Kharisma"]
[Result "0-1"]
[WhiteElo "2276"]
[BlackElo "2400"]
[PlyCount "106"]
[EventDate "2017.08.18"]
[EventType "swiss"]
[EventRounds "10"]
[EventCountry "ESP"]
[SourceTitle "Ajedrez en Madrid"]
[Source "lmi"]
[SourceDate "2017.08.18"]

1. e4 c5 2. Nf3 Nc6 3. d4 cxd4 4. Nxd4 e5 5. Nb5 d6 6. c4 Be7 7. N1c3 a6 8. Na3
f5 9. Bd3 f4 10. O-O Nf6 11. Nd5 O-O 12. f3 Kh8 13. Rb1 Be6 14. b4 Nh5 15. b5
Bxd5 16. cxd5 Qb6+ 17. Rf2 Bh4 18. Qd2 Bxf2+ 19. Qxf2 Qxf2+ 20. Kxf2 axb5 21.
dxc6 bxc6 22. Rb3 Nf6 23. Bb1 Nd7 24. Rd3 Rf6 25. Nc2 Nc5 26. Rc3 Rc8 27. Nb4
Rf7 28. Bd2 g5 29. Kf1 Kg7 30. Bc2 Rfc7 31. Ra3 Ne6 32. Ra6 Nc5 33. Ra3 h5 34.
Be1 Ne6 35. Bd1 Rb7 36. Ra6 Nd4 37. h4 Rcc7 38. Ra8 Ra7 39. Re8 Rf7 40. Rd8
Rfd7 41. Rb8 c5 42. Nd5 Rxa2 43. hxg5 Ra1 44. Nf6 Rda7 45. Rg8+ Kf7 46. g6+
Kxf6 47. Bh4+ Ke6 48. Re8+ Kd7 49. g7 Rxd1+ 50. Be1 Raa1 51. Rd8+ Kxd8 52.
g8=Q+ Kc7 53. Qf7+ Kb6 0-1

[Event "19. Open de Sants Hostafrancs 2017"]
[Site "Barcelona ESP"]
[Date "2017.08.25"]
[Round "8.37"]
[White "Domingo Nunez, Ruben"]
[Black "Perez Mitjans, Orelvis"]
[Result "1-0"]
[WhiteElo "2283"]
[BlackElo "2399"]
[PlyCount "95"]
[EventDate "2017.08.18"]
[EventType "swiss"]
[EventRounds "10"]
[EventCountry "ESP"]
[SourceTitle "Ajedrez en Madrid"]
[Source "lmi"]
[SourceDate "2017.08.18"]

1. e4 c6 2. Nc3 d5 3. Nf3 Bg4 4. h3 Bxf3 5. Qxf3 e6 6. d3 Nd7 7. Bd2 d4 8. Nd1
c5 9. Qg3 e5 10. Be2 Ne7 11. Bg4 Nc6 12. f4 g6 13. Nf2 h5 14. Bxd7+ Qxd7 15. h4
O-O-O 16. O-O Bh6 17. a3 a6 18. Rfb1 Qe7 19. Nh3 c4 20. b4 exf4 21. Bxf4 Bxf4
22. Nxf4 Ne5 23. b5 a5 24. b6 Rhe8 25. Rb5 Nc6 26. e5 Nxe5 27. Nd5 Qd6 28. Nc7
Re7 29. Rd5 Qxb6 30. Rxd8+ Kxd8 31. Nd5 Qc5 32. Nxe7 Kxe7 33. Re1 Ke6 34. a4
cxd3 35. cxd3 b5 36. axb5 Qxb5 37. Qf4 Qc5 38. Rf1 Kd7 39. Qg5 a4 40. Rxf7+ Ke8
41. Rf1 Kd7 42. Rf7+ Ke8 43. Rb7 a3 44. Rb8+ Kd7 45. Qd8+ Ke6 46. Rb6+ Nc6 47.
Qc7 Kd5 48. Qd7+ 1-0

[Event "19. Open de Sants Hostafrancs 2017"]
[Site "Barcelona ESP"]
[Date "2017.08.25"]
[Round "8.38"]
[White "Wadsworth, Matthew J"]
[Black "Oblitas, Carlomagno"]
[Result "1/2-1/2"]
[WhiteElo "2273"]
[BlackElo "2397"]
[PlyCount "153"]
[EventDate "2017.08.18"]
[EventType "swiss"]
[EventRounds "10"]
[EventCountry "ESP"]
[SourceTitle "Ajedrez en Madrid"]
[Source "lmi"]
[SourceDate "2017.08.18"]

1. c4 e5 2. g3 Nf6 3. Bg2 d5 4. cxd5 Nxd5 5. Nc3 Nb6 6. Nf3 Nc6 7. O-O Be7 8.
a3 O-O 9. b4 Re8 10. d3 Bf8 11. Rb1 Bg4 12. h3 Bh5 13. Nd2 Rb8 14. Nde4 Nd4 15.
g4 Bg6 16. e3 Ne6 17. Bb2 c6 18. Ne2 f6 19. Qb3 Bf7 20. Qc2 Nd5 21. Bc3 Nxc3
22. Qxc3 Nc7 23. Rfd1 a5 24. Qb2 axb4 25. axb4 Qe7 26. N4c3 Ra8 27. d4 Bg6 28.
Qb3+ Bf7 29. d5 Red8 30. e4 Ra6 31. b5 Ra3 32. Qb2 cxd5 33. exd5 Ne8 34. d6
Rxd6 35. Rxd6 Qxd6 36. Bxb7 Qd3 37. Bg2 Rb3 38. Qa1 Rxb1+ 39. Qxb1 Qxb1+ 40.
Nxb1 Bc5 41. Nbc3 Bc4 42. Bd5+ Bxd5 43. Nxd5 Kf7 44. Kg2 Ke6 45. Ndc3 Nd6 46.
Kg3 g6 47. f3 Bb6 48. h4 f5 49. h5 gxh5 50. gxf5+ Nxf5+ 51. Kh3 Nd4 52. f4 Nxe2
53. Nxe2 e4 54. Kh4 e3 55. Kxh5 Kf5 56. Kh4 Ke4 57. Kg3 h5 58. Ng1 Bd8 59. Ne2
Bc7 60. Kh4 Kf3 61. Nd4+ Kxf4 62. Kxh5 Bb6 63. Nc2 e2 64. Kh4 Bf2+ 65. Kh3 Kf3
66. Kh2 Bb6 67. Kh3 Ke4 68. Kg2 Kd3 69. Ne1+ Ke3 70. Nf3 Ba5 71. Kg3 Kd3 72.
Kf2 Bb6+ 73. Kg2 Kc4 74. Ne1 Kc3 75. Kf3 Kd2 76. Ng2 Bd8 77. Ke4 1/2-1/2

[Event "19. Open de Sants Hostafrancs 2017"]
[Site "Barcelona ESP"]
[Date "2017.08.25"]
[Round "8.39"]
[White "Quirhuayo Chumbe, German Gonza"]
[Black "Gonzalez Rodriguez, Jorge A"]
[Result "1-0"]
[WhiteElo "2397"]
[BlackElo "2274"]
[PlyCount "83"]
[EventDate "2017.08.18"]
[EventType "swiss"]
[EventRounds "10"]
[EventCountry "ESP"]
[SourceTitle "Ajedrez en Madrid"]
[Source "lmi"]
[SourceDate "2017.08.18"]

1. e4 e6 2. d4 d5 3. Nc3 Bb4 4. Nge2 Nf6 5. e5 Ng8 6. a3 Bf8 7. f4 c5 8. dxc5
Bxc5 9. Qd3 Nc6 10. b4 Be7 11. g3 h5 12. Be3 Nh6 13. h3 Bd7 14. Bg2 Nf5 15. Bf2
Rc8 16. O-O g5 17. b5 Na5 18. fxg5 Bxg5 19. h4 Bh6 20. Bh3 Ne7 21. Bd4 Nc4 22.
Kh2 Ng6 23. Nxd5 Ncxe5 24. Bxe5 Nxe5 25. Qe4 Bg7 26. Ndf4 Qb6 27. a4 Rc4 28.
Qg2 Rxc2 29. Rad1 a6 30. Qe4 Rc4 31. Qb1 axb5 32. Rxd7 Kxd7 33. axb5 Kc8 34.
Qa2 Kb8 35. Kh1 Rhc8 36. Ra1 Ng6 37. Qa8+ Kc7 38. Nd5+ exd5 39. Qxc8+ Kd6 40.
Qd7+ Kc5 41. Rd1 Qd6 42. Qc8+ 1-0

[Event "19. Open de Sants Hostafrancs 2017"]
[Site "Barcelona ESP"]
[Date "2017.08.25"]
[Round "8.40"]
[White "Mohota, Nisha"]
[Black "Mascaro March, Pedro"]
[Result "1-0"]
[WhiteElo "2251"]
[BlackElo "2387"]
[PlyCount "116"]
[EventDate "2017.08.18"]
[EventType "swiss"]
[EventRounds "10"]
[EventCountry "ESP"]
[SourceTitle "Ajedrez en Madrid"]
[Source "lmi"]
[SourceDate "2017.08.18"]

1. e4 d5 2. exd5 Qxd5 3. Nc3 Qa5 4. Bc4 Nf6 5. d3 c6 6. Qe2 Bf5 7. Bd2 e6 8.
Nd5 Qd8 9. Nxf6+ Qxf6 10. O-O-O Ba3 11. d4 Bd6 12. g4 Bg6 13. Nh3 h6 14. f4 Kd8
15. Rhe1 Qh4 16. Qg2 Kc7 17. Ng1 Qf6 18. f5 exf5 19. g5 hxg5 20. h4 Rxh4 21.
Re8 Rh2 22. Qf1 f4 23. Nf3 Rh7 24. Ne5 Bf5 25. Nxf7 g6 26. Nxd6 Qxd6 27. Qe2
Bd7 28. Re5 Bf5 29. Re8 g4 30. Qe5 Qxe5 31. dxe5 g3 32. Bxf4 g2 33. e6+ Kb6 34.
e7 Rh1 35. Be3+ c5 36. Red8 Nc6 37. Rxa8 Bg4 38. Rg1 Nxe7 39. Rf8 Nf5 40. Bf2
Nd4 41. b4 Nf3 42. Bxc5+ Kc6 43. Rf6+ Kc7 44. Rxf3 Bxf3 45. Bf2 a6 46. Kd2 g5
47. Be2 Bc6 48. c4 b5 49. c5 Rh3 50. Be3 Rh4 51. a3 g4 52. Bf4+ Kb7 53. Be3 g3
54. Bd3 a5 55. Rb1 a4 56. Re1 Rh1 57. Bg1 Kc7 58. Bd4 Kd8 1-0

[Event "19. Open de Sants Hostafrancs 2017"]
[Site "Barcelona ESP"]
[Date "2017.08.25"]
[Round "8.41"]
[White "Hernandez Moya, Yuleisy"]
[Black "Panelo, Marcelo"]
[Result "0-1"]
[WhiteElo "2248"]
[BlackElo "2386"]
[PlyCount "64"]
[EventDate "2017.08.18"]
[EventType "swiss"]
[EventRounds "10"]
[EventCountry "ESP"]
[SourceTitle "Ajedrez en Madrid"]
[Source "lmi"]
[SourceDate "2017.08.18"]

1. e4 c5 2. Nf3 d6 3. d4 cxd4 4. Nxd4 Nf6 5. Nc3 a6 6. Be2 e6 7. a4 Be7 8. Be3
Nc6 9. O-O O-O 10. Nb3 b6 11. f4 Qc7 12. Bf3 Rb8 13. Qe2 Re8 14. Rad1 Bf8 15.
Kh1 Nd7 16. Rd2 Na5 17. Nxa5 bxa5 18. Nd1 Rb4 19. b3 Nf6 20. Bd4 e5 21. Bb2 Bb7
22. Bc3 exf4 23. Bxb4 axb4 24. Qf2 g5 25. Qd4 Nxe4 26. Bxe4 Rxe4 27. Qf6 Re5
28. h4 h6 29. Nf2 Qc3 30. Rd3 Qxc2 31. Rxd6 Re1 32. Kg1 Qe2 0-1

[Event "19. Open de Sants Hostafrancs 2017"]
[Site "Barcelona ESP"]
[Date "2017.08.25"]
[Round "8.42"]
[White "Ossa, Orlando"]
[Black "Tsolakidou, Stavroula"]
[Result "1/2-1/2"]
[WhiteElo "2240"]
[BlackElo "2366"]
[PlyCount "93"]
[EventDate "2017.08.18"]
[EventType "swiss"]
[EventRounds "10"]
[EventCountry "ESP"]
[SourceTitle "Ajedrez en Madrid"]
[Source "lmi"]
[SourceDate "2017.08.18"]

1. g3 d5 2. Bg2 c6 3. f4 Nf6 4. Nf3 g6 5. O-O Bg7 6. d3 O-O 7. Nc3 d4 8. Ne4
Nd5 9. Qe1 Qb6 10. Kh1 Na6 11. a3 Nc5 12. Ne5 Nxe4 13. dxe4 Nc7 14. Nd3 c5 15.
b3 c4 16. bxc4 Na6 17. e5 Qc7 18. c3 Qxc4 19. cxd4 Qxd4 20. Bb2 Qa4 21. Qd1 Qa5
22. Rc1 Rb8 23. Bd4 b6 24. Qb3 Be6 25. Qb2 Rfd8 26. Nb4 Nxb4 27. axb4 Qb5 28.
e3 Rd7 29. Kg1 Bd5 30. Bxd5 Qxd5 31. b5 e6 32. Rc3 Bf8 33. Rfc1 Rbd8 34. Qe2 h5
35. Rc6 h4 36. gxh4 Qe4 37. Qf2 Qd3 38. R6c4 Qb3 39. h5 Qxb5 40. hxg6 fxg6 41.
Qh4 Qd5 42. R4c2 Qe4 43. Rc8 Rxc8 44. Rxc8 Qf5 45. e4 Qxe4 46. Rxf8+ Kxf8 47.
Qh8+ 1/2-1/2

[Event "19. Open de Sants Hostafrancs 2017"]
[Site "Barcelona ESP"]
[Date "2017.08.25"]
[Round "8.43"]
[White "Haug, Johannes"]
[Black "Costantini, Roberto"]
[Result "1-0"]
[WhiteElo "2362"]
[BlackElo "2253"]
[PlyCount "47"]
[EventDate "2017.08.18"]
[EventType "swiss"]
[EventRounds "10"]
[EventCountry "ESP"]
[SourceTitle "Ajedrez en Madrid"]
[Source "lmi"]
[SourceDate "2017.08.18"]

1. e4 e5 2. Nf3 Nc6 3. Bc4 Nf6 4. d3 Be7 5. O-O O-O 6. a4 d5 7. exd5 Nxd5 8. h3
Re8 9. Re1 Bb4 10. c3 Bf8 11. a5 Nf4 12. Bxf4 exf4 13. Rxe8 Qxe8 14. Qb3 b6 15.
axb6 cxb6 16. Qa2 Ne5 17. Nbd2 Nxc4 18. Qxc4 Bb7 19. Qxf4 Qb5 20. Nc4 Qd5 21.
Ne3 Qxd3 22. Ne5 Qe4 23. Qxf7+ Kh8 24. Rxa7 1-0

[Event "19. Open de Sants Hostafrancs 2017"]
[Site "Barcelona ESP"]
[Date "2017.08.25"]
[Round "8.44"]
[White "Debray, Christopher"]
[Black "Haag, Gregor"]
[Result "1/2-1/2"]
[WhiteElo "2358"]
[BlackElo "2252"]
[PlyCount "47"]
[EventDate "2017.08.18"]
[EventType "swiss"]
[EventRounds "10"]
[EventCountry "ESP"]
[SourceTitle "Ajedrez en Madrid"]
[Source "lmi"]
[SourceDate "2017.08.18"]

1. d4 d5 2. c4 dxc4 3. Nf3 Nf6 4. g3 c5 5. Qa4+ Nc6 6. dxc5 e6 7. Qxc4 Qd5 8.
Nbd2 Bxc5 9. Bg2 O-O 10. O-O Bd7 11. a3 Rac8 12. Qxd5 Nxd5 13. Ne4 Be7 14. Bd2
f5 15. Nc3 Nb6 16. Rad1 Rfd8 17. Nb5 a6 18. Nbd4 Nxd4 19. Nxd4 Ba4 20. b3 Rxd4
21. bxa4 Rcd8 22. Rb1 Rxd2 23. Rxb6 Rxe2 24. Bf3 1/2-1/2

[Event "19. Open de Sants Hostafrancs 2017"]
[Site "Barcelona ESP"]
[Date "2017.08.25"]
[Round "8.45"]
[White "Rodriguez Alvarez, Vidal"]
[Black "Plazuelo Pascual, Juan"]
[Result "0-1"]
[WhiteElo "2224"]
[BlackElo "2356"]
[PlyCount "56"]
[EventDate "2017.08.18"]
[EventType "swiss"]
[EventRounds "10"]
[EventCountry "ESP"]
[SourceTitle "Ajedrez en Madrid"]
[Source "lmi"]
[SourceDate "2017.08.18"]

1. Nf3 Nf6 2. c4 b6 3. g3 Bb7 4. Bg2 g6 5. d4 Bg7 6. O-O O-O 7. d5 Ne4 8. Qc2
f5 9. Nfd2 Nd6 10. Nc3 Na6 11. e4 e6 12. Re1 Nb4 13. Qb1 fxe4 14. Ndxe4 Nxc4
15. Bg5 Qe8 16. dxe6 dxe6 17. a3 Nc6 18. Bf4 h6 19. Bxc7 Qf7 20. Bf4 Nd4 21.
Qa2 e5 22. Be3 Nc2 23. Nf6+ Bxf6 24. Bxb7 Qxb7 25. Qxc4+ Kh7 26. Nd5 Nxa1 27.
Nxf6+ Rxf6 28. Qh4 Nc2 0-1

[Event "19. Open de Sants Hostafrancs 2017"]
[Site "Barcelona ESP"]
[Date "2017.08.25"]
[Round "8.46"]
[White "Martinez Pla, Xavier"]
[Black "Morales, Jhon Alexander"]
[Result "0-1"]
[WhiteElo "2166"]
[BlackElo "2343"]
[PlyCount "50"]
[EventDate "2017.08.18"]
[EventType "swiss"]
[EventRounds "10"]
[EventCountry "ESP"]
[SourceTitle "Ajedrez en Madrid"]
[Source "lmi"]
[SourceDate "2017.08.18"]

1. e4 c5 2. Nf3 d6 3. d4 cxd4 4. Nxd4 Nf6 5. Nc3 a6 6. f3 e5 7. Nb3 Be6 8. Be3
h5 9. Qd2 Nbd7 10. Nd5 Bxd5 11. exd5 g6 12. O-O-O Bg7 13. Kb1 Qc7 14. c4 b6 15.
h3 Nc5 16. Nc1 h4 17. Ne2 e4 18. Nc3 O-O 19. f4 Nh5 20. Bxc5 bxc5 21. Nxe4 Rab8
22. b3 Rfe8 23. Bd3 Rxe4 24. Bxe4 Qe7 25. Qe1 Qf6 0-1

[Event "19. Open de Sants Hostafrancs 2017"]
[Site "Barcelona ESP"]
[Date "2017.08.25"]
[Round "8.47"]
[White "Valls Marti, Artur"]
[Black "Colon Garcia, Enrique"]
[Result "1/2-1/2"]
[WhiteElo "2145"]
[BlackElo "2342"]
[PlyCount "63"]
[EventDate "2017.08.18"]
[EventType "swiss"]
[EventRounds "10"]
[EventCountry "ESP"]
[SourceTitle "Ajedrez en Madrid"]
[Source "lmi"]
[SourceDate "2017.08.18"]

1. e4 c5 2. Nf3 d6 3. d4 cxd4 4. Nxd4 Nf6 5. Nc3 a6 6. g3 e5 7. Nb3 Be7 8. Bg2
b5 9. a4 b4 10. Nd5 Nxd5 11. Qxd5 Ra7 12. Be3 Be6 13. Qd2 Rb7 14. O-O a5 15. f4
Nd7 16. Qf2 Bc4 17. Rfd1 Qc7 18. fxe5 Nxe5 19. h3 O-O 20. Nd4 g6 21. b3 Ba6 22.
Rd2 Re8 23. Rad1 Bf8 24. Qf4 Qc8 25. Qf2 Nd7 26. Ne2 Rc7 27. Nf4 Bb7 28. Bd4
Ne5 29. Bb6 Rc3 30. Bd4 Rc7 31. Bb6 Rc3 32. Bd4 1/2-1/2

[Event "19. Open de Sants Hostafrancs 2017"]
[Site "Barcelona ESP"]
[Date "2017.08.25"]
[Round "8.48"]
[White "Purushothaman, Thirumalai"]
[Black "Brink, Barry"]
[Result "0-1"]
[WhiteElo "2005"]
[BlackElo "2339"]
[PlyCount "58"]
[EventDate "2017.08.18"]
[EventType "swiss"]
[EventRounds "10"]
[EventCountry "ESP"]
[SourceTitle "Ajedrez en Madrid"]
[Source "lmi"]
[SourceDate "2017.08.18"]

1. d4 Nf6 2. c4 e6 3. Nf3 d5 4. Nc3 dxc4 5. e4 Bb4 6. Bg5 c5 7. Bxc4 cxd4 8.
Nxd4 Bxc3+ 9. bxc3 Qa5 10. Bb5+ Nbd7 11. Bxf6 Qxc3+ 12. Kf1 gxf6 13. h4 a6 14.
Rh3 Qc5 15. Rc1 Qe7 16. Rhc3 Qd8 17. Qh5 O-O 18. Rg3+ Kh8 19. Qh6 Rg8 20. Rxg8+
Qxg8 21. Bxd7 Bxd7 22. Rc7 Qd8 23. h5 Qxc7 24. Qxf6+ Kg8 25. h6 Kf8 26. Qh8+
Ke7 27. Qxa8 Qc1+ 28. Ke2 Qc4+ 29. Kf3 Qxd4 0-1

[Event "19. Open de Sants Hostafrancs 2017"]
[Site "Barcelona ESP"]
[Date "2017.08.25"]
[Round "8.49"]
[White "Lemeaux, David"]
[Black "Visser, Henk-jan"]
[Result "1-0"]
[WhiteElo "2339"]
[BlackElo "2247"]
[PlyCount "79"]
[EventDate "2017.08.18"]
[EventType "swiss"]
[EventRounds "10"]
[EventCountry "ESP"]
[SourceTitle "Ajedrez en Madrid"]
[Source "lmi"]
[SourceDate "2017.08.18"]

1. d4 Nf6 2. c4 e6 3. Nf3 d5 4. g3 Be7 5. Bg2 O-O 6. O-O dxc4 7. Ne5 Nc6 8.
Nxc6 bxc6 9. Na3 Bxa3 10. bxa3 Ne8 11. Qa4 Nd6 12. Bxc6 Rb8 13. Qxa7 Rb6 14.
Bg2 Ba6 15. a4 Qd7 16. a5 Nb5 17. axb6 Nxa7 18. bxa7 c6 19. Ba3 Qxa7 20. Bxf8
Kxf8 21. e3 c5 22. d5 exd5 23. Bxd5 Qd7 24. e4 f5 25. Rfc1 fxe4 26. Bxc4 Bb7
27. Rc3 Qd4 28. Rac1 Qd2 29. R3c2 Qd4 30. Re2 Bc8 31. Re3 g6 32. a3 Bb7 33. Bf1
Bd5 34. Rec3 Ke7 35. Bg2 c4 36. Bf1 e3 37. Rxe3+ Kd6 38. Bg2 Qd2 39. Ree1 Kc5
40. Red1 1-0

[Event "19. Open de Sants Hostafrancs 2017"]
[Site "Barcelona ESP"]
[Date "2017.08.25"]
[Round "8.50"]
[White "Cotonnec, Melkior"]
[Black "Roig Aguilar, Alejandro"]
[Result "0-1"]
[WhiteElo "2329"]
[BlackElo "2243"]
[PlyCount "130"]
[EventDate "2017.08.18"]
[EventType "swiss"]
[EventRounds "10"]
[EventCountry "ESP"]
[SourceTitle "Ajedrez en Madrid"]
[Source "lmi"]
[SourceDate "2017.08.18"]

1. e4 c5 2. Nf3 Nc6 3. Nc3 g6 4. d4 cxd4 5. Nxd4 Bg7 6. Be3 Nf6 7. Bc4 O-O 8.
h3 Nxe4 9. Nxe4 d5 10. c3 Ne5 11. Bd3 Nxd3+ 12. Qxd3 dxe4 13. Qxe4 f5 14. Qh4
f4 15. Bxf4 Rxf4 16. Qxf4 e5 17. Qf3 exd4 18. cxd4 Qa5+ 19. Qc3 Qa6 20. f3 Bf5
21. Kf2 Rc8 22. Qb3+ Be6 23. Qe3 Rc2+ 24. Kg3 Qd6+ 25. f4 Bxd4 26. Qe4 Bf5 27.
Qe8+ Kg7 28. Rhf1 g5 29. Kh2 gxf4 30. Rf3 Bf2 31. Kh1 Bg3 32. Raf1 Bg6 33. Qb5
Qe7 34. Qd5 Be4 35. Qd4+ Kg6 36. Qd1 Bxf3 37. Qxc2+ Be4 38. Qc4 Bf5 39. Rd1 a6
40. Qd4 b5 41. Qd6+ Kf7 42. Qd5+ Qe6 43. Qc5 f3 44. gxf3 h5 45. Qd5 h4 46.
Qxe6+ Bxe6 47. Kg2 a5 48. b3 Be5 49. Re1 Kf6 50. Re4 Bg3 51. Rd4 Ke5 52. Rd8
Bd5 53. Rd7 a4 54. bxa4 bxa4 55. Ra7 Bc6 56. Kf1 Kd4 57. Ke2 Bb5+ 58. Kd2 Bf4+
59. Kc2 Ke3 60. Ra5 Bd7 61. Ra7 Bxh3 62. Rxa4 Bf5+ 63. Kc3 h3 64. Ra8 h2 65.
Re8+ Kf2 0-1